000 00978cam a2200205 i 4500
008 230307s2023 paua b 001 0 eng
020 _a9780323695381
050 0 0 _aRC270.3.D53
_bO54 2023
100 _aSilverman Paul M
245 0 0 _aOncologic imaging :
_ba multidisciplinary approach /
_cPaul M. Silverman, MD, editor-in-chief, Professor of Radiology (Ret.), Gerald D. Dodd, Jr., Distinguished Chair and Director of Academic Development for Diagnostic Imaging, Department of Diagnostic Imaging, Department of Diagnostic Radiology, the University of Texas MD Anderson Cancer Center, Houston, Texas.
250 _aSecond edition.
260 _aPhiladelphia
_bElsevier
_c2023
300 _axvii, 742 pages :
_billustrations (some color) ;
500 _aRevised edition of: Oncologic imaging / [edited by] Paul M. Silverman. c2012.
650 0 _aCancer
_xImaging.
650 0 _aTumors
_xImaging.
650 0 _aDiagnostic imaging.
700 1 _aSilverman, Paul M.,
942 _cBK
999 _c2363
_d2363